000 00424nam a2200181Ia 4500
003 GCL
008 140319s9999 xx 000 0 eng d
040 _aGCL /
_cGCL
082 0 4 _a731.75
_bN N
100 1 _aNAKAMISHI, TORU
245 1 0 _aNOH MASKS /
_cNAKAMISHI, TORU
260 _a[S.N] :
_bHOIKUSHA ،
_c1992
300 _a127 P
650 0 4 _aحسن فتحى
650 0 4 _aMASKS
650 0 4 _aARTS
942 _2ddc
_cBK
999 _c19298
_d19298